01007nam a2200229 a 450000100100000000500170001000800410002702000180006804000250008608200150011110000320012624500610015826000370021930000430025650000480029950400270034759000260037495201280040095201130052895201190064199900170076000004711220201002053351.0180416s2016 dr abc 000 0 spa d a9789945123937 aDO-SdBNPbspacBNPHU axxxxbxxxx1 aAlbert Batista, Celsa9118010aCiencias sociales 5 :bprimaria /cCelsa Albert Batista. aSanto Domingo :bSusaeta,c2016. a244 p. :bil., mapas, retrs. ;c29 cm. aEnfoque por competencias. Nuevo currículo aBibliografía : p 244 aInventariado, 2018/LP 001054708DSaGRbGRcHDd2018-04-16iLF1l0oxxxx xxxxp47112-30r2020-06-25te. 3w2020-06-25yLFDSZPréstamo en sala 0010718PDaPDbPDcHDd2018-04-16iLF1l0oxxxx xxxxp47112-10r2020-06-25w2020-06-25yLFPDZNo se presta 0010718PDaPDbPDcHDd2018-04-16iLF1l0oxxxx xxxxp47112-20r2020-06-25te. 2w2020-06-25yLFPDZNo se presta c46600d46600